000 01249nam a22002537a 4500
005 20180531171515.0
008 101019t xxu||||| |||| 00| 0 hin d
010 _aHIN-95560 राष्ट्रपति-2 B-694109
020 _c100.00
_a9789380260037
035 _aHN-67906
035 _aB-694109
037 _bDBAD / PUB
037 _bकिताबघर
040 _aDPL
_bHN
082 _a307.762
100 _923632
_aतिवारी,विनोद कुमार
245 _aगाँवो में रोजगार के साधन /
_bविनोद कुमार तिवारी
260 _aदिल्ली
_bविकास पेपर
_c2012
_c2015(राष्ट्रपति-2)
270 _bदिल्ली
_a1X-221, मेन रोड़ गांधीनगर
_e110031
300 1 _a76पृ.
_c22सेमी (सजिल्द)
500 _aराष्ट्रपति-2
942 _2ddc
_cHN
_mतिवारी
_h307.762
999 _c63348
_d63348